[Event "Reunion op 20th"]
[Site "St Denis"]
[Date "2018.10.19"]
[Round "7"]
[White "Le Maguet, Loan"]
[Black "Rabe Andrianandrasana, Haingo"]
[Result "1-0"]
[WhiteElo "1420"]
[BlackElo "1860"]
[PlyCount "99"]
[EventDate "2018.10.14"]
[EventType "swiss"]
[EventRounds "9"]
[EventCountry "RUF"]
[SourceTitle "CBM 187 Extra"]
[Source "ChessBase"]
[SourceDate "2018.11.04"]
[SourceVersion "1"]
[SourceVersionDate "2018.11.04"]
[SourceQuality "1"]

1. b4 d5 2. d4 Nf6 3. e3 Bf5 4. Nf3 e6 5. a3 Nbd7 6. Be2 Be7 7. Nbd2 0-0 8. 0-0 c6 9. Bb2 h6 10. c4 a5 11. b5 cxb5 12. c5 Rc8 13. Bxb5 Ne4 14. Rc1 Bf6 15. Ba1 Nb8 16. Qb3 Qc7 17. Nb1 Nc6 18. Nc3 Rb8 19. Na4 Bg4 20. Rfd1 Bxf3 21. gxf3 Ng5 22. f4 Nh7 23. Nb6 g5 24. Kh1 gxf4 25. exf4 Kh8 26. Qe3 Ne7 27. Nd7 Nf5 28. Qd2 Bh4 29. Nxb8 Qxb8 30. Rg1 Nf6 31. Bd3 Ng7 32. Qe3 h5 33. h3 Qe8 34. f5 Ng8 35. fxe6 fxe6 36. Qe5 Qf7 37. f4 Bf6 38. Qe2 h4 39. Rg4 Nh6 40. Rg6 Nhf5 41. Bxf5 Nxf5 42. Qh5+ Qh7 43. Qxh7+ Kxh7 44. Rg4 Ne3 45. Rgg1 Nc4 46. Rb1 Rf7 47. a4 Bg7 48. Bc3 Bh6 49. Rg4 Rxf4 50. Rxf4 1-0

[Event "Reunion op 20th"]
[Site "St Denis"]
[Date "2018.10.15"]
[Round "3"]
[White "Fondrat, Johan"]
[Black "Rabe Andrianandrasana, Haingo"]
[Result "0-1"]
[WhiteElo "1499"]
[BlackElo "1860"]
[PlyCount "164"]
[EventDate "2018.10.14"]
[EventType "swiss"]
[EventRounds "9"]
[EventCountry "RUF"]
[SourceTitle "CBM 187 Extra"]
[Source "ChessBase"]
[SourceDate "2018.11.04"]
[SourceVersion "1"]
[SourceVersionDate "2018.11.04"]
[SourceQuality "1"]

1. e4 c6 2. d4 d5 3. exd5 cxd5 4. c4 Nc6 5. Nf3 Nf6 6. Be3 Qb6 7. b3 Bf5 8. Be2 e6 9. 0-0 Nb4 10. Nh4 Be4 11. Nc3 Be7 12. Nxe4 Nxe4 13. Nf3 0-0 14. c5 Qc7 15. a3 Nc6 16. b4 Nc3 17. Qc2 Nxe2+ 18. Qxe2 a6 19. Qd2 Bf6 20. Bg5 Qe7 21. Bxf6 Qxf6 22. Rfe1 Rfe8 23. Ne5 Qh4 24. Nxc6 bxc6 25. Re5 f6 26. Re3 e5 27. dxe5 fxe5 28. Rae1 Qf4 29. Qe2 a5 30. Qb2 axb4 31. axb4 Ra4 32. Rxe5 Rxe5 33. Rxe5 Rxb4 34. g3 Rxb2 35. gxf4 Kf7 36. Re3 Rc2 37. Kg2 Rxc5 38. Kf3 Rc4 39. Ra3 Re4 40. Ra7+ Re7 41. Ra6 Rc7 42. Ke3 Ke7 43. Kd4 Kd6 44. f3 Rf7 45. Ke3 Kc5 46. Ra4 Rf6 47. Ra7 Rg6 48. Ra5+ Kb4 49. Ra6 c5 50. Ra1 Re6+ 51. Kd3 g6 52. Rb1+ Ka5 53. Ra1+ Kb6 54. Rb1+ Ka5 55. Ra1+ Kb6 56. Rb1+ Ka5 57. Ra1+ Kb5 58. Rb1+ Ka4 59. Ra1+ Kb3 60. Rb1+ Ka2 61. Rb5 Rc6 62. Kc2 Ka3 63. Kc3 Ka4 64. Rb7 h5 65. Rd7 d4+ 66. Kc4 Ka5 67. Ra7+ Kb6 68. Ra1 Rf6 69. Rb1+ Kc6 70. Rg1 Rd6 71. Rg5 d3 72. Rxc5+ Kd7 73. Ra5 d2 74. Ra7+ Ke6 75. Rg7 d1Q 76. Rxg6+ Kf7 77. Rg5 Rc6+ 78. Kb5 Qc2 79. Rf5+ Ke7 80. Re5+ Kd7 81. Rd5+ Kc7 82. f5 Qc4+ 0-1

[Event "Antananarivo op"]
[Site "Antananarivo"]
[Date "2015.08.07"]
[Round "4"]
[White "Razafimahefa, Hariniaina"]
[Black "Rabe Andrianandrasana, Haingo"]
[Result "0-1"]
[WhiteElo "1460"]
[BlackElo "1845"]
[PlyCount "68"]
[EventDate "2015.08.05"]
[EventType "swiss"]
[EventRounds "9"]
[EventCountry "MAD"]
[SourceTitle "EXT 2018"]
[Source "ChessBase"]
[SourceDate "2017.10.13"]
[SourceVersion "1"]
[SourceVersionDate "2017.10.13"]
[SourceQuality "1"]

1. d4 d5 2. Nf3 Nf6 3. Bf4 Bf5 4. e3 e6 5. Bd3 Bg4 6. Nbd2 Bd6 7. Bxd6 Qxd6 8. c3 0-0 9. Qc2 Nbd7 10. b4 a5 11. b5 e5 12. dxe5 Nxe5 13. Nxe5 Qxe5 14. 0-0 c5 15. bxc6 bxc6 16. Rfe1 a4 17. a3 h6 18. Nf1 Nd7 19. Ng3 Nc5 20. Be2 Be6 21. Bf3 Rab8 22. e4 Qc7 23. exd5 cxd5 24. Red1 Rfd8 25. Rd4 Nb3 26. Rad1 Nxd4 27. Rxd4 Rb3 28. Rxa4 Rxc3 29. Qd2 Rc4 30. Rxc4 dxc4 31. Qc2 c3 32. Nf1 Rb8 33. Be4 Rb2 34. Qa4 g6 0-1

[Event "Reunion op 14th"]
[Site "St Denis"]
[Date "2012.10.11"]
[Round "6"]
[White "Rabe Andrianandrasana, Haingo"]
[Black "Chan Kai Hou, Fabrice"]
[Result "0-1"]
[WhiteElo "1978"]
[BlackElo "1954"]
[PlyCount "114"]
[EventDate "2012.10.06"]
[EventType "swiss"]
[EventRounds "9"]
[EventCountry "RUF"]
[SourceTitle "EXT 2013"]
[Source "ChessBase"]
[SourceDate "2012.11.22"]
[SourceVersion "1"]
[SourceVersionDate "2012.11.22"]
[SourceQuality "1"]

1. d4 d5 2. Nf3 c6 3. Bf4 Nf6 4. e3 Bg4 5. Be2 e6 6. 0-0 Bd6 7. Bg5 Nbd7 8. Nbd2 0-0 9. c4 Re8 10. cxd5 exd5 11. Qb3 Qb6 12. Qc2 Bh5 13. Bd3 Bg6 14. Bxg6 hxg6 15. Rae1 Qc7 16. Bh4 Ne4 17. Bg3 Bxg3 18. fxg3 Re7 19. Nxe4 Rxe4 20. Ng5 Re7 21. Rf3 f6 22. Nh3 g5 23. Nf2 Rae8 24. Ng4 Re4 25. Nf2 Rxd4 26. Rf1 Rc4 27. Qg6 Rf8 28. Nd3 Ne5 29. Nxe5 Qxe5 30. b3 Re4 31. Rf5 Qe8 32. Rxf6 Rxf6 33. Rxf6 Qxg6 34. Rxg6 Rxe3 35. Kf1 Kf7 36. Rd6 Re6 37. Rd7+ Re7 38. Rd6 Ke8 39. Kf2 Rd7 40. Re6+ Kf7 41. Re2 a5 42. Rc2 d4 43. Rc5 Re7 44. Rc2 Re5 45. g4 c5 46. a4 b6 47. Rd2 Re3 48. Rb2 Ke6 49. Re2 Rxe2+ 50. Kxe2 Ke5 51. Kf3 Kd5 52. g3 c4 53. bxc4+ Kxc4 54. Ke2 b5 55. axb5 Kxb5 56. Kd3 Kc5 57. h4 a4 0-1

[Event "Reunion op 14th"]
[Site "St Denis"]
[Date "2012.10.06"]
[Round "1"]
[White "Rabe Andrianandrasana, Haingo"]
[Black "Cochard, Franck Olivier"]
[Result "1-0"]
[WhiteElo "1978"]
[BlackElo "1554"]
[PlyCount "35"]
[EventDate "2012.10.06"]
[EventType "swiss"]
[EventRounds "9"]
[EventCountry "RUF"]
[SourceTitle "EXT 2013"]
[Source "ChessBase"]
[SourceDate "2012.11.22"]
[SourceVersion "1"]
[SourceVersionDate "2012.11.22"]
[SourceQuality "1"]

1. d4 Nf6 2. Nf3 g6 3. Bg5 Bg7 4. Nbd2 d6 5. e4 0-0 6. Be2 Nbd7 7. c3 c5 8. 0-0 b6 9. Re1 Bb7 10. e5 dxe5 11. dxe5 Ng4 12. e6 Nde5 13. exf7+ Nxf7 14. Bc4 Bxf3 15. Nxf3 Bf6 16. h3 Kg7 17. Bxf7 Rxf7 18. hxg4 1-0

[Event "Reunion op 12th"]
[Site "St Denis"]
[Date "2010.10.14"]
[Round "6"]
[White "Rabe Andrianandrasana, Haingo"]
[Black "Li Ying, Patrick"]
[Result "0-1"]
[WhiteElo "1900"]
[BlackElo "2137"]
[PlyCount "136"]
[EventDate "2010.10.09"]
[EventType "swiss"]
[EventRounds "9"]
[EventCountry "RUF"]
[SourceTitle "CBM 138 Extra"]
[Source "ChessBase"]
[SourceDate "2010.10.29"]
[SourceVersion "1"]
[SourceVersionDate "2010.10.29"]
[SourceQuality "1"]

1. d4 Nf6 2. Nf3 e6 3. c4 d5 4. e3 c6 5. Be2 Bd6 6. 0-0 0-0 7. Nc3 Nbd7 8. b3 b6 9. Bb2 Bb7 10. cxd5 exd5 11. Bd3 Re8 12. Ne2 Ne4 13. Ng3 Ndf6 14. Nf5 Bb4 15. a3 Bc3 16. Bxc3 Nxc3 17. Qc2 Nce4 18. Bxe4 Nxe4 19. Ng3 Nxg3 20. hxg3 Re6 21. Rfe1 Qe7 22. b4 Re8 23. Rac1 Rh6 24. Qf5 f6 25. Qd3 a6 26. Kf1 Rh1+ 27. Ke2 Rxe1+ 28. Kxe1 Qd7 29. Kd2 Ra8 30. Ke1 a5 31. bxa5 Rxa5 32. Qb3 Rb5 33. Qc2 Qd6 34. a4 Qb4+ 35. Nd2 Ra5 36. Rb1 Qxa4 37. Qxa4 Rxa4 38. Rxb6 Ba6 39. Rb1 Bd3 40. Rc1 Ra2 41. g4 Kf7 42. Kd1 Bb5 43. f3 Ke7 44. Ke1 Kd6 45. e4 Ra4 46. exd5 Kxd5 47. Rc5+ Kxd4 48. Nb3+ Ke3 49. Rc3+ Kf4 50. Nd2 Kg3 51. Ne4+ Kxg2 52. Kd2 Ra2+ 53. Ke3 Ba4 54. Kf4 Bd1 55. Nd6 Rf2 56. Ne8 g5+ 57. Kf5 Rxf3+ 58. Rxf3 Kxf3 59. Nxf6 h6 60. Kg6 Kf4 61. Kxh6 Bxg4 62. Nh7 c5 63. Nxg5 c4 64. Nh7 c3 65. Nf6 Bf3 66. Nd7 c2 67. Nc5 Bd5 68. Kh5 Ke3 0-1

[Event "Reunion op 12th"]
[Site "St Denis"]
[Date "2010.10.10"]
[Round "2"]
[White "Rabe Andrianandrasana, Haingo"]
[Black "Nassau, Pierre Alexandre"]
[Result "1/2-1/2"]
[WhiteElo "1900"]
[BlackElo "1616"]
[PlyCount "137"]
[EventDate "2010.10.09"]
[EventType "swiss"]
[EventRounds "9"]
[EventCountry "RUF"]
[SourceTitle "CBM 138 Extra"]
[Source "ChessBase"]
[SourceDate "2010.10.29"]
[SourceVersion "1"]
[SourceVersionDate "2010.10.29"]
[SourceQuality "1"]

1. d4 d5 2. Nf3 Nf6 3. c4 c6 4. Nc3 Bf5 5. Bg5 e6 6. e3 Nbd7 7. Be2 Bd6 8. Nh4 Bg6 9. c5 Bc7 10. Nxg6 hxg6 11. e4 Qb8 12. e5 Ne4 13. Nxe4 dxe4 14. Bc4 Bxe5 15. dxe5 Qxe5 16. Be3 Rxh2 17. Rxh2 Qxh2 18. Qg4 Qe5 19. 0-0-0 0-0-0 20. b4 Qc3+ 21. Kb1 Qxc4 22. Rd4 Qb5 23. Qxe4 Rh8 24. Qc2 Qf1+ 25. Rd1 Qxg2 26. Qc4 Qf3 27. Rc1 Qd5 28. Qc3 Nf6 29. b5 Rd8 30. Kb2 Qd3 31. Qxd3 Rxd3 32. bxc6 bxc6 33. Rh1 Rd8 34. Rh4 e5 35. Ra4 Kb7 36. Rb4+ Kc7 37. Ra4 Kb7 38. Rb4+ Ka8 39. Ra4 Nd5 40. Bd2 Rb8+ 41. Kc2 Rb5 42. Rc4 f6 43. a4 Rb8 44. Rh4 Rg8 45. Rh7 Kb8 46. Kd3 Kc8 47. Rh4 Kd7 48. Rh7 Ke6 49. Rh1 Rb8 50. Rh7 Rg8 51. Rh1 Rd8 52. Kc2 Ne7 53. Rb1 Rd4 54. Be3 Rxa4 55. Rb7 g5 56. Kb3 Ra6 57. Bd2 g6 58. Rb8 Ra1 59. Rd8 Rb1+ 60. Kc4 Rd1 61. Kc3 Rf1 62. Rd6+ Kf7 63. Be3 Ra1 64. Rd7 Ra6 65. Kb3 Ke8 66. Rd6 Kf7 67. Rd7 Ra1 68. Bd2 Rb1+ 69. Ka2 1/2-1/2

[Event "Reunion op 12th"]
[Site "St Denis"]
[Date "2010.10.09"]
[Round "1"]
[White "Hoareau, Noe"]
[Black "Rabe Andrianandrasana, Haingo"]
[Result "0-1"]
[WhiteElo "1400"]
[BlackElo "1900"]
[PlyCount "72"]
[EventDate "2010.10.09"]
[EventType "swiss"]
[EventRounds "9"]
[EventCountry "RUF"]
[SourceTitle "CBM 138 Extra"]
[Source "ChessBase"]
[SourceDate "2010.10.29"]
[SourceVersion "1"]
[SourceVersionDate "2010.10.29"]
[SourceQuality "1"]

1. e4 e5 2. Nf3 Nc6 3. d4 exd4 4. Bc4 d6 5. Ng5 Nh6 6. 0-0 g6 7. c3 Bg7 8. cxd4 Nxd4 9. Be3 Nc6 10. Qd5 Ne5 11. f4 Nxc4 12. Qxc4 Qe7 13. Nc3 c6 14. Bd4 Bxd4+ 15. Qxd4 0-0 16. Rae1 Be6 17. f5 c5 18. Nd5 Bxd5 19. Qxd5 Qxg5 20. fxg6 Qxd5 21. gxh7+ Kxh7 22. exd5 Ng8 23. Re3 f6 24. Rff3 Rf7 25. g4 Kg7 26. Re4 Re7 27. Ref4 Rae8 28. Rf1 Re2 29. g5 Rf8 30. h4 Re5 31. Rf5 Kg6 32. Rxe5 dxe5 33. d6 Rd8 34. Rd1 fxg5 35. hxg5 Kxg5 36. Rd2 Nf6 0-1